| 000 | 00839cam a22002655a 4500 | ||
|---|---|---|---|
| 001 | 17899671 | ||
| 005 | 20150506112948.0 | ||
| 008 | 130926s2014 cau frb 001 0 eng d | ||
| 020 | _a9781446269718 (hardcover : alk. paper) | ||
| 020 | _a9781446269725 (pbk. : alk. paper) | ||
| 040 |
_aDLC _beng _cDLC _dEG-ScBUE |
||
| 082 | 0 | 4 |
_222 _bPOO _a371.3344678 |
| 100 | 1 |
_aPoore, Megan. _937774 |
|
| 245 | 1 | 0 |
_aStudying and researching with social media / _cMegan Poore. |
| 260 |
_aLos Angeles : _bSAGE, _c2014. |
||
| 300 |
_axiii, 239 p. ; _c24 cm. |
||
| 490 | 0 | _aSAGE study skills | |
| 500 | _aIndex : p. 229-239. | ||
| 504 | _aBibliography : p. 223-228. | ||
| 650 | 7 |
_2BUEsh _aInternet in education. _937775 |
|
| 651 | _2BUEsh | ||
| 653 |
_bCOMAME _cApril2015 _cMay2015 |
||
| 655 |
_vreading book _934232 |
||
| 942 |
_2ddc _k371.3344678 POO |
||
| 999 |
_c19239 _d19211 |
||